| 000 | 00562nam a22001577a 4500 | ||
|---|---|---|---|
| 003 | OSt | ||
| 005 | 20151103145239.0 | ||
| 008 | 151103b xxu||||| |||| 00| 0 eng d | ||
| 040 | _cRUA | ||
| 082 | _aFOR ជឹង 1992 B117 Or.1 | ||
| 100 |
_93270 _aជឹង ហុងណារិទ្ធ |
||
| 245 | _aការសិក្សាស្រាវជ្រាវជំរឿនដីព្រៃឈើក្នុងខេត្តកំពង់ឆ្នាំង | ||
| 260 |
_aPhnom Penh _bRUA _c1992 |
||
| 300 |
_a100p. _bill. _c29cm. |
||
| 942 |
_2ddc _cFOR |
||
| 999 |
_c3051 _d3051 |
||